000 00232 a2200085 4500
020 _a9788189995751
100 _aYatin Pandya
245 _aConcepts of Space in Traditional Indian Architecture
260 _b Mapin Publishing Pvt.Ltd
_c2023
999 _c13361
_d13361